Project management and control. V 1. Finding the critical path (Record no. 30309)

MARC details
000 -LEADER
fixed length control field 00306nam a2200109Ia 4500
082 ## - DEWEY DECIMAL CLASSIFICATION NUMBER
Classification number 065.01
Item number MAR
100 ## - MAIN ENTRY--AUTHOR NAME
Personal name Martino, R L
245 #0 - TITLE STATEMENT
Title Project management and control. V 1. Finding the critical path
260 ## - PUBLICATION, DISTRIBUTION, ETC. (IMPRINT)
Place of publication Bombay
Name of publisher Taraporevala
Year of publication 1976
942 ## - ADDED ENTRY ELEMENTS (KOHA)
Koha item type Books
Holdings
Withdrawn status Lost status Damaged status Not for loan Home library Current library Date acquired Cost, normal purchase price Full call number Accession Number Koha item type
      Write off RRII Library RRII Library 16/12/2021 47.00 065.01 MAR 10882 Books